| 000 | 00409nam a2200145Ia 4500 | ||
|---|---|---|---|
| 008 | 220217s9999||||xx |||||||||||||| ||und|| | ||
| 020 | _a9788131718872 | ||
| 082 | _a629.8 DOR | ||
| 100 |
_aDorf, Richard C and Bishop, Robert H _98147 |
||
| 245 | 0 | _aModern control systems | |
| 250 | _a11th | ||
| 260 |
_aPearson education of asia _bNew Delhi _c2011 |
||
| 300 |
_aXXVI _b595 |
||
| 650 | _aCONTROL SYSTEM | ||
| 999 |
_c182850 _d182850 |
||